| 000 | 00000nam##2200000za#4500 |
| 001 | 9.661741 |
| 003 | CaOODSP |
| 005 | 20210615120217 |
| 007 | ta |
| 008 | 150407|2001||||xxc||||| f|0| 0 eng|d |
| 020 | |a0-662-64868-4 |
| 040 | |aCaOODSP|beng |
| 041 | |aeng |
| 041 | |afre |
| 043 | |an-cn--- |
| 086 | 1 |aC45-2/3-2000-6 |
| 110 | 1 |aCanada. |bIndustry Canada. |
| 245 | 10|aMetal finishing in Canada : |bIndustry Snapshot |
| 260 | |aOttawa - Ontario : |bIndustry Canada |c2001. |
| 300 | |aEnglish text, 27p. : |bgraphs, references, tables ; |c28 cm. |
| 500 | |a"The purpose of the Industry Snapshot is to provide an economic overview of the metal finishing industry. The strategic importance of this industry is established in Section 2. A profile of the industry is developed in Section 3 and a review of its historical performance follows in Section 4. Section 5 discusses key success factors that must be considered to ensure long-term prosperity of the industry and Section 6 reviews prospects facing the industry."--Page 2. |
| 520 | 3 |aThe purpose of the Industry Snapshot is to provide an economic overview of the metal finishing industry. The strategic importance of this industry is established in Section 2. A profile of the industry is developed in Section 3 and a review of its historical performance follows in Section 4. Section 5 discusses key success factors that must be considered to ensure long-term prosperity of the industry and Section 6 reviews prospects facing the industry.--Page 2 |
| 546 | |aBilingual |
| 563 | |aSoftcover |
| 590 | |a01-25|b2001-06-22 |
| 690 | 07|aIndustrial products|2gcpds |
| 690 | 07|aMetalworking industry|2gcpds |
| 690 | 07|aIndustrial productivity|2gcpds |
| 776 | 0#|tTraitement des surfaces métalliques au Canada : |w(CaOODSP)9.639378 |
| 776 | 0#|tMetal finishing in Canada : |w(CaOODSP)9.695232 |
| 792 | |tTraitement de surfaces métalliques : |efre|w(CaOODSP)9.661742 |